000 00506nam a22001817a 4500
003 OSt
005 20140507155532.0
008 140507b xxu||||| |||| 00| 0 eng d
020 _a9789710506255
050 _aQA 36
_b.Al385 2013
100 _aAlferez, Merle S.
245 _aMath competition book :
_bcollege level /
_cMerle S. Alfarez.
260 _aQuezon City :
_bMSA Publishing House,
_c2013.
300 _a175 p. :
_bill. ;
_c23 cm.
650 _aMathematics.
942 _2lcc
_cBK
999 _c115847
_d115847